[Event "LTU-ch Rapid op"]
[Site "Panevezys"]
[Date "2020.07.05"]
[Round "8.8"]
[White "Putka, Verner"]
[Black "Juknis, Paulius"]
[Result "1-0"]
[WhiteElo "2348"]
[BlackElo "2111"]
[PlyCount "77"]
[EventDate "2020.07.04"]
[EventType "swiss (rapid)"]
[EventRounds "11"]
[EventCountry "LTU"]
[SourceTitle "EXT 2023"]
[Source "ChessBase"]
[SourceDate "2022.10.05"]
[SourceVersion "1"]
[SourceVersionDate "2022.10.05"]
[SourceQuality "1"]

1. d4 d5 2. Nf3 c5 3. c4 e6 4. cxd5 exd5 5. g3 Nc6 6. Bg2 Nf6 7. 0-0 Be7 8. dxc5 Bxc5 9. Bg5 d4 10. Nbd2 0-0 11. Rc1 Be7 12. Nb3 h6 13. Bf4 Nd5 14. Nfxd4 Nxf4 15. Nxc6 bxc6 16. gxf4 Be6 17. Nd4 Bd5 18. Bxd5 cxd5 19. Nc6 Qd6 20. Qxd5 Qg6+ 21. Qg2 Qxg2+ 22. Kxg2 Bf6 23. b3 Rfe8 24. Kf3 g5 25. fxg5 hxg5 26. Rg1 Kf8 27. Rc4 Re6 28. e3 a6 29. h4 Rc8 30. hxg5 Rexc6 31. Rxc6 Rxc6 32. gxf6 Rxf6+ 33. Ke2 Ke7 34. Rg5 Rd6 35. Ra5 Kd7 36. e4 Kc7 37. Ke3 Kb6 38. Rf5 Rd7 39. b4 1-0

[Event "LTU-ch Rapid op"]
[Site "Panevezys"]
[Date "2020.07.04"]
[Round "5.8"]
[White "Pidluznij, Gleb"]
[Black "Putka, Verner"]
[Result "0-1"]
[WhiteElo "1959"]
[BlackElo "2348"]
[PlyCount "108"]
[EventDate "2020.07.04"]
[EventType "swiss (rapid)"]
[EventRounds "11"]
[EventCountry "LTU"]
[SourceTitle "EXT 2023"]
[Source "ChessBase"]
[SourceDate "2022.10.05"]
[SourceVersion "1"]
[SourceVersionDate "2022.10.05"]
[SourceQuality "1"]

1. e4 e5 2. Nf3 Nf6 3. d4 exd4 4. e5 Ne4 5. Qxd4 d5 6. exd6 Nxd6 7. Nc3 Nc6 8. Qf4 Nf5 9. Nb5 Bb4+ 10. Bd2 Qe7+ 11. Be2 Bxd2+ 12. Qxd2 0-0 13. 0-0 Rd8 14. Qe1 Nb4 15. Na3 Be6 16. b3 Qc5 17. Qc1 Qc3 18. Nb5 Qxc2 19. Qxc2 Nxc2 20. Rac1 Ncd4 21. Nbxd4 Nxd4 22. Nxd4 Rxd4 23. Rxc7 Rd2 24. Bf3 Rxa2 25. Rxb7 a5 26. Rb1 Rd8 27. h3 g6 28. Ra7 Rdd2 29. b4 Bf5 30. Rb3 a4 31. Rc3 Be6 32. b5 Rdb2 33. Ra8+ Kg7 34. Bc6 h5 35. h4 Rb4 36. g3 Rb1+ 37. Kg2 Rbb2 38. Rf3 Bc4 39. Ra7 Ra1 40. b6 Rxb6 41. Be4 Be6 42. Re3 Rb4 43. Bf3 Bc4 44. Bc6 Bb3 45. Ree7 Rb6 46. Bf3 Rf6 47. Re3 Ra2 48. Kg1 Rf5 49. Kg2 Rd2 50. Ra8 Rxf3 51. Rxf3 Bd5 52. Rxa4 Rd3 53. Raf4 f5 54. Kh2 Bxf3 0-1

[Event "EU-ch blitz"]
[Site "Tallinn"]
[Date "2019.12.07"]
[Round "16"]
[White "Putka, Verner"]
[Black "Babanin, Gleb"]
[Result "0-1"]
[WhiteElo "2448"]
[BlackElo "2201"]
[PlyCount "56"]
[EventDate "2019.12.07"]
[EventType "swiss (blitz)"]
[EventRounds "22"]
[EventCountry "EST"]
[SourceTitle "CBM 193 Extra"]
[Source "ChessBase"]
[SourceDate "2020.01.31"]
[SourceVersion "1"]
[SourceVersionDate "2020.01.31"]
[SourceQuality "1"]

1. d4 d5 2. Nf3 e6 3. g3 b5 4. Qd3 a6 5. Nbd2 Bb7 6. Bg2 Nf6 7. 0-0 Nbd7 8. a4 b4 9. c4 bxc3 10. bxc3 c5 11. c4 dxc4 12. Nxc4 Be7 13. dxc5 Nxc5 14. Qe3 0-0 15. Ba3 Nd5 16. Qe5 Rc8 17. Rab1 Ba8 18. e4 Nd3 19. Qd4 Bxa3 20. exd5 Bc5 21. Qxd3 Bxd5 22. Ne3 Bxe3 23. Qxe3 Qa5 24. Ra1 Rc4 25. Nd2 Rxa4 26. Rxa4 Qxa4 27. Bxd5 exd5 28. Qd4 Qxd4 0-1

[Event "EU-ch blitz"]
[Site "Tallinn"]
[Date "2019.12.07"]
[Round "8"]
[White "Putka, Verner"]
[Black "Kanep, Meelis"]
[Result "0-1"]
[WhiteElo "2448"]
[BlackElo "2280"]
[PlyCount "104"]
[EventDate "2019.12.07"]
[EventType "swiss (blitz)"]
[EventRounds "22"]
[EventCountry "EST"]
[SourceTitle "CBM 193 Extra"]
[Source "ChessBase"]
[SourceDate "2020.01.31"]
[SourceVersion "1"]
[SourceVersionDate "2020.01.31"]
[SourceQuality "1"]

1. d4 Nf6 2. Nf3 g6 3. g3 Bg7 4. Bg2 0-0 5. 0-0 c6 6. c4 d6 7. Nc3 Qb6 8. Qc2 Qa6 9. b3 b5 10. Nd2 Bb7 11. Bb2 Nbd7 12. a4 b4 13. Nce4 Nxe4 14. Nxe4 c5 15. d5 Qa5 16. f4 Qc7 17. a5 a6 18. Bf3 Rae8 19. Rfd1 h6 20. Bxg7 Kxg7 21. h3 f5 22. Nd2 e5 23. dxe6 Rxe6 24. Qd3 Nf6 25. Nf1 Rfe8 26. Ra2 Bxf3 27. exf3 R8e7 28. Kf2 Kh7 29. g4 fxg4 30. hxg4 Kg7 31. Rad2 Qxa5 32. f5 gxf5 33. Ng3 fxg4 34. Nf5+ Kf7 35. Nxh6+ Ke8 36. Nf5 Rd7 37. Rh1 Kd8 38. Rh8+ Kc7 39. Ne3 gxf3 40. Nd5+ Nxd5 41. Qxd5 Qa1 42. Qxe6 Qxh8 43. Kxf3 Qg7 44. Rg2 Rf7+ 45. Ke3 Qd4+ 46. Ke2 Qb2+ 47. Ke1 Qc1+ 48. Ke2 Qc2+ 49. Ke1 Qc3+ 50. Ke2 Qf3+ 51. Ke1 Qf1+ 52. Kd2 Qxg2+ 0-1

[Event "Riga Tal Memorial blitz"]
[Site "Riga"]
[Date "2019.07.18"]
[Round "12"]
[White "Putka, Verner"]
[Black "Gaponenko, Inna"]
[Result "1/2-1/2"]
[WhiteElo "2307"]
[BlackElo "2450"]
[PlyCount "115"]
[EventDate "2019.07.18"]
[EventType "swiss (blitz)"]
[EventRounds "13"]
[EventCountry "LAT"]
[SourceTitle "CBM 191 Extra"]
[Source "ChessBase"]
[SourceDate "2019.09.30"]
[SourceVersion "1"]
[SourceVersionDate "2019.09.30"]
[SourceQuality "1"]

1. d4 d5 2. Nf3 Nf6 3. g3 e6 4. Bg2 b5 5. 0-0 Nbd7 6. a4 b4 7. c3 bxc3 8. Nxc3 c5 9. e4 dxe4 10. Ng5 Bb7 11. Ngxe4 Nxe4 12. Nxe4 Bd5 13. Bf4 Qb6 14. a5 Qc6 15. Re1 Be7 16. Rc1 0-0 17. Nxc5 Bxg2 18. Nxd7 Qxd7 19. Kxg2 Qd5+ 20. Kg1 Rfd8 21. Rc7 Bd6 22. Bxd6 Rxd6 23. Qc2 Qxd4 24. h4 Rad8 25. b3 h6 26. Re3 Qb4 27. Qc5 Qxc5 28. Rxc5 Rd5 29. Rec3 Rb8 30. Rxd5 exd5 31. Rc7 Rxb3 32. Rxa7 Ra3 33. Kf1 g5 34. h5 Kg7 35. Ke2 g4 36. a6 Kf6 37. Ra8 Kg5 38. a7 Kxh5 39. Kd2 f5 40. Kc2 Ra1 41. Kb2 Ra6 42. Kc3 Ra4 43. Kb3 Ra1 44. Kc3 Ra4 45. Kb3 Ra1 46. Kb4 Ra2 47. Kc5 f4 48. Kxd5 fxg3 49. fxg3 Ra3 50. Kc6 Ra1 51. Kb6 Rb1+ 52. Kc5 Ra1 53. Kd4 Ra2 54. Ke5 Ra5+ 55. Kf4 Ra4+ 56. Ke3 Ra3+ 57. Kd4 Ra4+ 58. Ke5 1/2-1/2

[Event "Riga Tal Memorial blitz"]
[Site "Riga"]
[Date "2019.07.18"]
[Round "5"]
[White "Skvortsov, Andrei"]
[Black "Putka, Verner"]
[Result "1-0"]
[WhiteElo "2186"]
[BlackElo "2307"]
[PlyCount "75"]
[EventDate "2019.07.18"]
[EventType "swiss (blitz)"]
[EventRounds "13"]
[EventCountry "LAT"]
[SourceTitle "CBM 191 Extra"]
[Source "ChessBase"]
[SourceDate "2019.09.30"]
[SourceVersion "1"]
[SourceVersionDate "2019.09.30"]
[SourceQuality "1"]

1. e4 e5 2. Nf3 Nf6 3. Nc3 Bb4 4. Nxe5 0-0 5. Bc4 d6 6. Nf3 Nxe4 7. Nxe4 d5 8. Bxd5 Qxd5 9. Nc3 Re8+ 10. Kf1 Bxc3 11. bxc3 Bg4 12. h3 Bh5 13. d3 Nd7 14. g4 Ne5 15. Kg2 Nxg4 16. hxg4 Bxg4 17. Kg3 h5 18. Bf4 Re6 19. c4 Qd7 20. Ne5 Rxe5 21. f3 Bxf3 22. Qxf3 Rf5 23. Rxh5 Re8 24. Rah1 Rxh5 25. Qxh5 f6 26. Qd5+ Qxd5 27. cxd5 Re2 28. Rh2 Re7 29. c4 Rd7 30. Kg4 Kf7 31. Kf5 g6+ 32. Ke4 Kg7 33. Bh6+ Kf7 34. Be3 Kg7 35. c5 Re7+ 36. Kd4 g5 37. d6 Rd7 38. Kd5 1-0

[Event "EU-ch blitz"]
[Site "Skopje"]
[Date "2018.12.07"]
[Round "17"]
[White "Putka, Verner"]
[Black "Jirovsky, Milos"]
[Result "1-0"]
[WhiteElo "2307"]
[BlackElo "2448"]
[PlyCount "83"]
[EventDate "2018.12.06"]
[EventType "swiss (blitz)"]
[EventRounds "22"]
[EventCountry "MKD"]
[SourceTitle "CBM 187 Extra"]
[Source "ChessBase"]
[SourceDate "2018.11.04"]
[SourceVersion "1"]
[SourceVersionDate "2018.11.04"]
[SourceQuality "1"]

1. d4 d5 2. Nf3 Nf6 3. g3 e6 4. Bg2 Be7 5. 0-0 0-0 6. c4 c6 7. b3 Nbd7 8. Bb2 b6 9. Nc3 a5 10. Nd2 Bb7 11. e4 Bb4 12. e5 Ne8 13. a3 Be7 14. Kh1 Rc8 15. f4 g6 16. Qe2 Ng7 17. g4 Ba6 18. f5 exf5 19. gxf5 gxf5 20. Rf3 Re8 21. Rh3 Nf8 22. Nf3 Ng6 23. Qd2 f4 24. Ne2 Ne6 25. cxd5 cxd5 26. Rh5 Ng7 27. Rh3 Bxe2 28. Qxe2 Nf5 29. Rg1 Ne3 30. Ne1 Qd7 31. Qh5 Qf5 32. Qxh7+ Kf8 33. Bxd5 Bg5 34. Rxg5 Qd7 35. Be4 Re6 36. a4 Ke7 37. Rxg6 Rxg6 38. Bxg6 Rf8 39. Qh4+ Ke8 40. Be4 Rg8 41. Ba3 Qxd4 42. Qe7# 1-0

[Event "EU-ch blitz"]
[Site "Skopje"]
[Date "2018.12.07"]
[Round "12"]
[White "Putka, Verner"]
[Black "Ragger, Markus"]
[Result "0-1"]
[WhiteElo "2307"]
[BlackElo "2687"]
[PlyCount "154"]
[EventDate "2018.12.06"]
[EventType "swiss (blitz)"]
[EventRounds "22"]
[EventCountry "MKD"]
[SourceTitle "CBM 187 Extra"]
[Source "ChessBase"]
[SourceDate "2018.11.04"]
[SourceVersion "1"]
[SourceVersionDate "2018.11.04"]
[SourceQuality "1"]

1. d4 Nf6 2. Nf3 g6 3. g3 Bg7 4. Bg2 0-0 5. 0-0 d5 6. c4 Nc6 7. b3 Be6 8. cxd5 Nxd5 9. Bb2 Nb6 10. e3 a5 11. Nc3 a4 12. Nxa4 Nxa4 13. bxa4 Ra6 14. Bc3 Qd7 15. Rb1 b6 16. Qc2 Rfa8 17. d5 Bxd5 18. Bxg7 Kxg7 19. Rfd1 Rxa4 20. Rxd5 Qxd5 21. Ne1 Qe5 22. Qxc6 R8a5 23. Nd3 Qd6 24. Qc3+ f6 25. Nf4 Rc5 26. Qb3 Rac4 27. h4 e5 28. Nd3 Rc3 29. Nxc5 Rxb3 30. Nxb3 Qa3 31. Bd5 Qxa2 32. Rc1 c5 33. Ra1 Qc2 34. Ra7+ Kf8 35. Rf7+ Ke8 36. Rxf6 Qd1+ 37. Kh2 Qxd5 38. Rxb6 c4 39. Na1 c3 40. Rb1 Qd2 41. Kg2 c2 42. Nxc2 Qxc2 43. Rb6 Qc5 44. Ra6 Kf7 45. Kg1 h6 46. h5 gxh5 47. Rxh6 Qd5 48. Rb6 Qf3 49. Rh6 Ke7 50. Rb6 Kd7 51. Rh6 Kc7 52. Rg6 Qf5 53. Rh6 Qg5 54. Rh8 Kd6 55. Kg2 Kd5 56. Rh7 Qf5 57. Rh6 Qe4+ 58. Kg1 Qf3 59. Rh8 Ke4 60. Rb8 Qd1+ 61. Kg2 Qd5 62. Rb2 Kf5+ 63. f3 Qd3 64. e4+ Kg5 65. Rf2 h4 66. gxh4+ Kxh4 67. Rf1 Qe2+ 68. Rf2 Qe3 69. Rf1 Kg5 70. Rf2 Kf4 71. Rf1 Qd2+ 72. Rf2 Qc3 73. Rf1 Qb2+ 74. Rf2 Qb3 75. Rf1 Qg8+ 76. Kf2 Qa2+ 77. Kg1 Kg3 0-1

[Event "EU-ch blitz"]
[Site "Skopje"]
[Date "2018.12.07"]
[Round "22"]
[White "Stefanova, Antoaneta"]
[Black "Putka, Verner"]
[Result "1-0"]
[WhiteElo "2486"]
[BlackElo "2307"]
[PlyCount "97"]
[EventDate "2018.12.06"]
[EventType "swiss (blitz)"]
[EventRounds "22"]
[EventCountry "MKD"]
[SourceTitle "CBM 187 Extra"]
[Source "ChessBase"]
[SourceDate "2018.11.04"]
[SourceVersion "1"]
[SourceVersionDate "2018.11.04"]
[SourceQuality "1"]

1. d4 Nf6 2. Nf3 e6 3. e3 b6 4. Bd3 g6 5. c4 Bg7 6. Nc3 0-0 7. 0-0 d6 8. e4 Bb7 9. Re1 c5 10. d5 exd5 11. cxd5 a6 12. a4 Nbd7 13. Bf4 Ne8 14. Qd2 Ne5 15. Nxe5 dxe5 16. Bh6 Nd6 17. Bxg7 Kxg7 18. f4 f6 19. fxe5 fxe5 20. Rf1 Qe7 21. Ne2 c4 22. Bc2 b5 23. Qb4 Qc7 24. a5 Rac8 25. Qc3 Qe7 26. Qe3 Nf7 27. Kh1 Qc5 28. Qh3 Qd6 29. Ng3 Rce8 30. Qg4 Bc8 31. Qe2 Ng5 32. Qe3 Nf7 33. h3 Bd7 34. Rf3 Nh6 35. Raf1 Rxf3 36. Rxf3 Ng8 37. Qg5 Qe7 38. Qe3 Qd8 39. Qa7 Re7 40. Qxa6 Qb8 41. Qb6 Qxb6 42. axb6 Be8 43. Ra3 Rb7 44. Ra7 Rf7 45. b7 Rxb7 46. Rxb7+ Kh6 47. Rb8 Bf7 48. d6 Nf6 49. Nf1 1-0

[Event "EU-ch blitz"]
[Site "Skopje"]
[Date "2018.12.06"]
[Round "3"]
[White "Delchev, Aleksander"]
[Black "Putka, Verner"]
[Result "1/2-1/2"]
[WhiteElo "2552"]
[BlackElo "2307"]
[PlyCount "51"]
[EventDate "2018.12.06"]
[EventType "swiss (blitz)"]
[EventRounds "22"]
[EventCountry "MKD"]
[SourceTitle "CBM 187 Extra"]
[Source "ChessBase"]
[SourceDate "2018.11.04"]
[SourceVersion "1"]
[SourceVersionDate "2018.11.04"]
[SourceQuality "1"]

1. e4 e5 2. Bc4 Nf6 3. d3 c6 4. Nf3 d5 5. Bb3 Bd6 6. exd5 cxd5 7. Bg5 Be6 8. Nc3 Bc7 9. d4 e4 10. Nd2 h6 11. Bh4 g5 12. Bg3 e3 13. fxe3 Bxg3+ 14. hxg3 Qc7 15. Qf3 Nbd7 16. e4 0-0-0 17. e5 Bg4 18. Qf2 Nxe5 19. Qxf6 Nd3+ 20. cxd3 Qxg3+ 21. Qf2 Qxd3 22. Nde4 dxe4 23. Qd2 Qg3+ 24. Qf2 Qd3 25. Qd2 Qg3+ 26. Qf2 1/2-1/2

[Event "EU-ch blitz"]
[Site "Skopje"]
[Date "2018.12.06"]
[Round "10"]
[White "Dvirnyy, Danyyil"]
[Black "Putka, Verner"]
[Result "0-1"]
[WhiteElo "2485"]
[BlackElo "2307"]
[PlyCount "90"]
[EventDate "2018.12.06"]
[EventType "swiss (blitz)"]
[EventRounds "22"]
[EventCountry "MKD"]
[SourceTitle "CBM 187 Extra"]
[Source "ChessBase"]
[SourceDate "2018.11.04"]
[SourceVersion "1"]
[SourceVersionDate "2018.11.04"]
[SourceQuality "1"]

1. Nf3 Nf6 2. c4 c5 3. Nc3 b6 4. g3 Bb7 5. Bg2 e6 6. 0-0 Be7 7. Re1 0-0 8. e4 d6 9. d4 cxd4 10. Nxd4 Qc8 11. b3 a6 12. Bb2 Nbd7 13. Qe2 Re8 14. Rac1 Bf8 15. h3 Nc5 16. Qd2 Qc7 17. f4 Rad8 18. Qe3 e5 19. fxe5 dxe5 20. Nf5 Nd3 21. Nd5 Nxd5 22. cxd5 Nxc1 23. Rxc1 Qd7 24. Qxb6 Bxd5 25. Rc7 Qe6 26. Qe3 Ba8 27. Bf1 Rd1 28. Kf2 Rxf1+ 29. Kxf1 g6 30. Qg5 Bxe4 31. Ne3 Qxh3+ 32. Ke2 Qh2+ 33. Ke1 Qxb2 34. Qf6 Qb1+ 35. Kf2 Qxa2+ 36. Kg1 Qb1+ 37. Kf2 Qb2+ 38. Ke1 Bb4+ 39. Kf1 Be7 40. Rxe7 Rxe7 41. Qxe7 Qd4 42. Qg5 f6 43. Qxf6 Qd3+ 44. Kf2 Qd2+ 45. Kf1 Bd3+ 0-1

[Event "EU-ch blitz"]
[Site "Skopje"]
[Date "2018.12.06"]
[Round "4"]
[White "Putka, Verner"]
[Black "Delchev, Aleksander"]
[Result "1/2-1/2"]
[WhiteElo "2307"]
[BlackElo "2552"]
[PlyCount "99"]
[EventDate "2018.12.06"]
[EventType "swiss (blitz)"]
[EventRounds "22"]
[EventCountry "MKD"]
[SourceTitle "CBM 187 Extra"]
[Source "ChessBase"]
[SourceDate "2018.11.04"]
[SourceVersion "1"]
[SourceVersionDate "2018.11.04"]
[SourceQuality "1"]

1. d4 Nf6 2. Nf3 e6 3. g3 d5 4. Bg2 b5 5. 0-0 Nbd7 6. Bg5 Be7 7. Nbd2 0-0 8. Re1 Bb7 9. a4 a6 10. Nb3 c5 11. dxc5 Nxc5 12. Nxc5 Bxc5 13. Nd4 h6 14. Bxf6 Qxf6 15. e3 b4 16. c4 bxc3 17. bxc3 Rac8 18. Qd3 Rc7 19. Rab1 Rfc8 20. Rb2 Bf8 21. Ne2 Qe7 22. Reb1 Bc6 23. Qxa6 Ra8 24. Qd3 Rxa4 25. Rb8 Rca7 26. h4 Ra1 27. Nd4 Bd7 28. Kh2 Rxb1 29. Qxb1 Rc7 30. Qb4 Rc8 31. Rb7 Qf6 32. Qb2 Be8 33. e4 dxe4 34. Bxe4 h5 35. Qd2 Bc5 36. Kg2 Rd8 37. Qe2 g6 38. Nf3 Qxc3 39. Bxg6 fxg6 40. Qxe6+ Kh8 41. Ne5 Bc6+ 42. Nxc6 Rf8 43. Qe5+ Qxe5 44. Nxe5 Rxf2+ 45. Kh3 Rf6 46. Nd7 Rc6 47. Ne5 Re6 48. Nf7+ Kg8 49. Ng5 Rf6 50. Rb3 1/2-1/2

[Event "EU-ch blitz"]
[Site "Skopje"]
[Date "2018.12.06"]
[Round "9"]
[White "Putka, Verner"]
[Black "Dvirnyy, Danyyil"]
[Result "0-1"]
[WhiteElo "2307"]
[BlackElo "2485"]
[PlyCount "60"]
[EventDate "2018.12.06"]
[EventType "swiss (blitz)"]
[EventRounds "22"]
[EventCountry "MKD"]
[SourceTitle "CBM 187 Extra"]
[Source "ChessBase"]
[SourceDate "2018.11.04"]
[SourceVersion "1"]
[SourceVersionDate "2018.11.04"]
[SourceQuality "1"]

1. d4 d5 2. Nf3 Nf6 3. g3 g6 4. Bg2 Bg7 5. 0-0 0-0 6. c4 c6 7. b3 Bf5 8. Bb2 a5 9. Nc3 Ne4 10. Rc1 Nxc3 11. Bxc3 Be4 12. Bh3 Bxf3 13. exf3 e6 14. Qd2 Nd7 15. cxd5 cxd5 16. Rc2 Nb8 17. b4 axb4 18. Bxb4 Re8 19. Rb1 Nc6 20. Bc5 Qf6 21. f4 Nxd4 22. Bxd4 Qxd4 23. Qxd4 Bxd4 24. Rxb7 Rec8 25. Rd2 Rc4 26. g4 Bc5 27. f5 Ra3 28. Kg2 Rcc3 29. Rc7 Bd6 30. Rxc3 Rxc3 0-1

[Event "EU-ch rapid"]
[Site "Katowice"]
[Date "2017.12.16"]
[Round "4"]
[White "Plat, Vojtech"]
[Black "Putka, Verner"]
[Result "1-0"]
[WhiteElo "2567"]
[BlackElo "2307"]
[PlyCount "101"]
[EventDate "2017.12.16"]
[EventType "swiss (rapid)"]
[EventRounds "11"]
[EventCountry "POL"]
[SourceTitle "CBM 182 Extra"]
[Source "ChessBase"]
[SourceDate "2018.02.23"]
[SourceVersion "1"]
[SourceVersionDate "2018.02.23"]
[SourceQuality "1"]

1. e4 e5 2. Nf3 Nf6 3. Nxe5 d6 4. Nf3 Nxe4 5. Bd3 Nf6 6. 0-0 Be7 7. h3 0-0 8. c3 b6 9. Bc2 Bb7 10. d4 Nbd7 11. Re1 Re8 12. Bg5 Bf8 13. Nbd2 g6 14. Rxe8 Qxe8 15. Qf1 Bg7 16. Re1 Qf8 17. Qc4 c6 18. Bf4 a5 19. a4 h6 20. Qb3 d5 21. Bc7 Ba6 22. Ne5 Rc8 23. Nxd7 Nxd7 24. Bf4 Re8 25. Rxe8 Qxe8 26. Be3 Qe6 27. Qa2 f5 28. Qb1 Nf6 29. b4 axb4 30. cxb4 Bf8 31. b5 cxb5 32. axb5 Bc8 33. Nf3 Ne4 34. Ne5 Bd7 35. Nxd7 Qxd7 36. Qb3 Qe6 37. Bf4 Bg7 38. Qd3 g5 39. Bc7 f4 40. Bb3 Kh8 41. h4 Bf6 42. hxg5 hxg5 43. Bd1 Kg7 44. Bc2 Kf8 45. Qa3+ Be7 46. Qa8+ Kf7 47. Be5 Nd6 48. Qh8 Nc4 49. Qh7+ Ke8 50. Bg6+ Kd8 51. Qh8+ 1-0

[Event "EU-ch rapid"]
[Site "Katowice"]
[Date "2017.12.16"]
[Round "5"]
[White "Putka, Verner"]
[Black "Oglaza, Oskar"]
[Result "1-0"]
[WhiteElo "2307"]
[BlackElo "2245"]
[PlyCount "87"]
[EventDate "2017.12.16"]
[EventType "swiss (rapid)"]
[EventRounds "11"]
[EventCountry "POL"]
[SourceTitle "CBM 182 Extra"]
[Source "ChessBase"]
[SourceDate "2018.02.23"]
[SourceVersion "1"]
[SourceVersionDate "2018.02.23"]
[SourceQuality "1"]

1. d4 Nf6 2. Nf3 g6 3. g3 Bg7 4. Bg2 0-0 5. 0-0 d5 6. c4 c6 7. b3 Bg4 8. Bb2 Nbd7 9. Nc3 Re8 10. Rc1 Bxf3 11. Bxf3 e5 12. cxd5 e4 13. dxc6 bxc6 14. Bg2 Nb6 15. e3 Nbd5 16. Na4 Rc8 17. Ba3 Nd7 18. Qd2 f5 19. Rc2 Re6 20. Rfc1 g5 21. Nc5 Nxc5 22. Bxc5 Qf6 23. b4 Qg6 24. a4 f4 25. b5 f3 26. Bf1 g4 27. Bxa7 Qf7 28. b6 Rh6 29. a5 Bf8 30. Rc4 Qd7 31. a6 Bd6 32. b7 Rf8 33. Bc5 Bxg3 34. hxg3 Re8 35. Rb4 Nxb4 36. Qxb4 Qf5 37. b8Q Qh5 38. Qxe8+ Qxe8 39. a7 Qh5 40. a8Q+ Kg7 41. Bf8+ Kg8 42. Bxh6+ Kf7 43. Qaf8+ Kg6 44. Qbd6# 1-0

[Event "EU-ch blitz"]
[Site "Katowice"]
[Date "2017.12.15"]
[Round "5"]
[White "Nestorenko, Dmitry"]
[Black "Putka, Verner"]
[Result "0-1"]
[WhiteElo "2253"]
[BlackElo "2307"]
[PlyCount "92"]
[EventDate "2017.12.15"]
[EventType "swiss (blitz)"]
[EventRounds "22"]
[EventCountry "POL"]
[SourceTitle "CBM 182 Extra"]
[Source "ChessBase"]
[SourceDate "2018.02.23"]
[SourceVersion "1"]
[SourceVersionDate "2018.02.23"]
[SourceQuality "1"]

1. e4 e5 2. Nf3 Nf6 3. Nxe5 d6 4. Nf3 Nxe4 5. Nc3 Nf6 6. d4 Be7 7. h3 0-0 8. Bd3 c5 9. dxc5 dxc5 10. 0-0 Nc6 11. Bf4 Nb4 12. Re1 h6 13. Qe2 Be6 14. a3 Nxd3 15. cxd3 Qb6 16. Rad1 Rad8 17. Ne4 Nd5 18. Bh2 Rfe8 19. Qc2 Rc8 20. Ne5 Qa6 21. Nc4 Red8 22. Nc3 Bf8 23. Ne3 Ne7 24. Ne4 b6 25. Nd6 Ra8 26. Ndc4 Nc6 27. Qc3 Nd4 28. Nc2 b5 29. Ne5 Rac8 30. Nxd4 Rxd4 31. Nf3 Rdd8 32. Be5 b4 33. axb4 cxb4 34. Qd2 Qb6 35. d4 Bd5 36. Nh2 a5 37. Ng4 a4 38. Rc1 a3 39. bxa3 bxa3 40. Ra1 Bb4 41. Reb1 Bxd2 42. Rxb6 a2 43. Ra6 Ra8 44. Rxa8 Rxa8 45. Ne3 Bc3 46. Rf1 Bb3 0-1

[Event "EU-ch blitz"]
[Site "Katowice"]
[Date "2017.12.15"]
[Round "18"]
[White "Putka, Verner"]
[Black "Kumala, Aleksander"]
[Result "0-1"]
[WhiteElo "2307"]
[BlackElo "2220"]
[PlyCount "74"]
[EventDate "2017.12.15"]
[EventType "swiss (blitz)"]
[EventRounds "22"]
[EventCountry "POL"]
[SourceTitle "CBM 182 Extra"]
[Source "ChessBase"]
[SourceDate "2018.02.23"]
[SourceVersion "1"]
[SourceVersionDate "2018.02.23"]
[SourceQuality "1"]

1. d4 Nf6 2. Nf3 e6 3. g3 Nc6 4. Bg2 b6 5. 0-0 Bb7 6. c4 d6 7. Nc3 Be7 8. d5 exd5 9. cxd5 Ne5 10. Nd4 0-0 11. Nf5 Bc8 12. Qc2 Re8 13. Nxe7+ Qxe7 14. Nb5 Ba6 15. Nd4 Bb7 16. Qb3 Qd7 17. Bg5 Qg4 18. Be3 Re7 19. Rac1 Qh5 20. h3 Neg4 21. hxg4 Nxg4 22. Rfd1 Rxe3 23. fxe3 Qh2+ 24. Kf1 Qxg3 25. Kg1 Nxe3 26. Qxe3 Qxe3+ 27. Kf1 Qf4+ 28. Kg1 h5 29. Rxc7 Ba6 30. Rc3 Re8 31. Rf3 Qg4 32. Rd2 Re4 33. Kf2 Rxd4 34. Rc2 Rc4 35. Rd2 Qh4+ 36. Kg1 Rc1+ 37. Bf1 Qg5+ 0-1

[Event "EU-ch blitz"]
[Site "Katowice"]
[Date "2017.12.15"]
[Round "6"]
[White "Putka, Verner"]
[Black "Nestorenko, Dmitry"]
[Result "0-1"]
[WhiteElo "2307"]
[BlackElo "2253"]
[PlyCount "68"]
[EventDate "2017.12.15"]
[EventType "swiss (blitz)"]
[EventRounds "22"]
[EventCountry "POL"]
[SourceTitle "CBM 182 Extra"]
[Source "ChessBase"]
[SourceDate "2018.02.23"]
[SourceVersion "1"]
[SourceVersionDate "2018.02.23"]
[SourceQuality "1"]

1. d4 f5 2. g3 Nf6 3. c3 e6 4. Nh3 c5 5. Bg2 d5 6. Nf4 Nc6 7. h4 cxd4 8. cxd4 Bd6 9. Nc3 a6 10. 0-0 0-0 11. e3 Ne4 12. Bd2 Qe7 13. Be1 b5 14. Rc1 Bb7 15. a3 Rac8 16. b4 Rc7 17. Ncxd5 exd5 18. Nxd5 Qf7 19. Nxc7 Bxc7 20. Qe2 Bd6 21. Qc2 Ne7 22. Qb2 Bd5 23. Bd2 h6 24. Rfd1 g5 25. hxg5 hxg5 26. Be1 Bb3 27. Rd3 Bc4 28. Rdd1 Qh5 29. d5 Ng6 30. Qc2 Ne5 31. Rd4 Nf3+ 32. Bxf3 Qxf3 33. Qd1 Be2 34. Qb3 Qh5 0-1

[Event "EU-ch blitz"]
[Site "Katowice"]
[Date "2017.12.15"]
[Round "10"]
[White "Putka, Verner"]
[Black "Tomczak, Jacek"]
[Result "0-1"]
[WhiteElo "2307"]
[BlackElo "2588"]
[PlyCount "130"]
[EventDate "2017.12.15"]
[EventType "swiss (blitz)"]
[EventRounds "22"]
[EventCountry "POL"]
[SourceTitle "CBM 182 Extra"]
[Source "ChessBase"]
[SourceDate "2018.02.23"]
[SourceVersion "1"]
[SourceVersionDate "2018.02.23"]
[SourceQuality "1"]

1. d4 Nf6 2. Nf3 g6 3. g3 Bg7 4. Bg2 0-0 5. 0-0 d5 6. c4 dxc4 7. Na3 c5 8. dxc5 c3 9. Qb3 Ne4 10. bxc3 Nxc5 11. Qc4 Qa5 12. Nd4 Nbd7 13. Rd1 Nb6 14. Qb4 Qxb4 15. cxb4 Nca4 16. e3 Nc3 17. Rd3 Ne2+ 18. Kf1 Nxd4 19. exd4 Bf5 20. Rd1 Rad8 21. Be3 Nd5 22. Bxd5 Rxd5 23. Rac1 Rfd8 24. Rc7 R5d7 25. Rdc1 h5 26. Ke2 Be6 27. R1c2 a6 28. b5 axb5 29. Nxb5 Ra8 30. Rxd7 Bxd7 31. Nc3 Rc8 32. Kd2 Rc4 33. Ne2 Ra4 34. Nc3 Ra5 35. Rb2 Bc6 36. Kd3 e6 37. Kc4 Bf8 38. h4 Bd6 39. Nb5 Ra4+ 40. Kd3 Be7 41. Nc3 Ra5 42. Kc4 Kf8 43. Rb3 Ke8 44. Rb2 Kd8 45. Rb3 Kc8 46. Rb2 Bg2 47. Kd3 Bf1+ 48. Kd2 Bc4 49. Bf4 b5 50. Be3 Kd7 51. Kc2 b4 52. Ne4 Bxa2 53. Bd2 Bd5 54. Ng5 b3+ 55. Kd3 Ra2 56. Bc3 f6 57. Ne4 Bxe4+ 58. Kxe4 Rxb2 59. Bxb2 Kc6 60. f3 Bd6 61. g4 Bg3 62. g5 f5+ 63. Ke3 Bxh4 64. Bc3 Bxg5+ 65. f4 Be7 0-1

[Event "EU-ch blitz"]
[Site "Tallinn"]
[Date "2016.12.18"]
[Round "23"]
[White "Halkias, Stelios"]
[Black "Putka, Verner"]
[Result "0-1"]
[WhiteElo "2585"]
[BlackElo "2307"]
[PlyCount "82"]
[EventDate "2016.12.17"]
[EventType "swiss (blitz)"]
[EventRounds "26"]
[EventCountry "EST"]
[SourceTitle "CBM 176 Extra"]
[Source "ChessBase"]
[SourceDate "2017.03.02"]
[SourceVersion "1"]
[SourceVersionDate "2017.03.02"]
[SourceQuality "1"]

1. Nf3 Nf6 2. d4 e6 3. e3 b6 4. Bd3 Bb7 5. 0-0 c5 6. c4 cxd4 7. exd4 d6 8. Nc3 Be7 9. Qe2 0-0 10. b3 Nbd7 11. Bb2 a6 12. Rae1 Re8 13. Ng5 Nf8 14. f4 d5 15. Kh1 dxc4 16. bxc4 Qd7 17. a4 Bb4 18. Rd1 Bxc3 19. Bxc3 Qxa4 20. Qb2 Qc6 21. d5 exd5 22. cxd5 Nxd5 23. Bxg7 Ne3 24. Rg1 Nxd1 25. Rxd1 Qxg2+ 26. Qxg2 Bxg2+ 27. Kxg2 Kxg7 28. Rg1 Ng6 29. Kf2 h6 30. Nxf7 Kxf7 31. Bxg6+ Kf6 32. Bxe8 Rxe8 33. Rc1 b5 34. Rc5 Re6 35. Kf3 Rb6 36. Rc8 b4 37. Rf8+ Kg7 38. Rc8 b3 39. Rc1 b2 40. Rb1 a5 41. Ke4 a4 0-1